Every Second Country #2 - Statistics

General Stats
  • This quiz has been taken 35 times
  • The average score is 7 of 10
Answer Stats
country % Correct
Austria
93%
Armenia
87%
Turkey
83%
Thailand
77%
Bahamas
73%
Togo
70%
Bangladesh
67%
Belarus
67%
Tajikistan
60%
Trinidad and Tobago
53%
No matching quizzes found
Score Distribution
Percent of People with Each Score
Percentile by Number Answered
Your Score History
You have not taken this quiz